Nhận diện mấy vấn đề văn hoá /

Nội dung của cuốn sách "Nhận diện mấy vấn đề văn hoá" được chia làm hai phần: mấy vấn đề văn hoá truyền thống và mấy vấn đề văn hoá đại cương.

Đã lưu trong:
Chi tiết về thư mục
Tác giả chính: Phạm Vũ Dũng.
Định dạng: Sách
Ngôn ngữ:Vietnamese
Được phát hành: Hà Nội : Văn hoá thông tin, 1999.
Những chủ đề:
Các nhãn: Thêm thẻ
Không có thẻ, Là người đầu tiên thẻ bản ghi này!
Thư viện lưu trữ: Mạng thư viện Đại học Đà Nẵng
LEADER 01090cam a2200361 i 4500
001 000042935
003 810
005 20030911140259.0
008 010217b1999 vm 000 vie
020 |c 32000 
022 |a T 
040 |a IRC  |c IRC  |d IRC 
041 0 |a vie 
082 1 4 |a 306.0899592  |b PH-D 
100 1 |a Phạm Vũ Dũng. 
245 0 0 |a Nhận diện mấy vấn đề văn hoá /  |c Phạm Vũ Dũng. 
260 |a Hà Nội :  |b Văn hoá thông tin,  |c 1999. 
300 |a 401tr. ;  |c 19cm. 
520 3 |a Nội dung của cuốn sách "Nhận diện mấy vấn đề văn hoá" được chia làm hai phần: mấy vấn đề văn hoá truyền thống và mấy vấn đề văn hoá đại cương. 
630 0 4 |a Văn hoá. 
650 0 4 |a Việt Nam  |b Văn hoá. 
650 0 4 |a Văn hoá. 
650 0 4 |a Văn hoá  |x Hoạt động. 
OWN |a DUT 
999 |a From the UDN01 
TYP |a Monograph 
TYP |a Printed language 
980 |a Mạng thư viện Đại học Đà Nẵng